| 000 | 00000nam 2200000za 4500 |
| 001 | 9.811806 |
| 003 | CaOODSP |
| 005 | 20221107141156 |
| 007 | cr ||||||||||| |
| 008 | 171229t20172016onca ob f000 0 eng d |
| 020 | |a9780660046747 |
| 040 | |aCaOODSP|beng |
| 043 | |an-cn--- |
| 086 | 1 |aM144-268/2016E-PDF |
| 245 | 00|aMajor energy retrofit guidelines for commercial and institutional buildings |h[electronic resource] : |bprinciples. |
| 246 | 17|aMajor energy retrofit guidelines : |bprinciples for commercial and institutional buildings |
| 260 | |a[Ottawa] : |bNatural Resources Canada, |c[2017], c2016. |
| 300 | |aviii, 46 p. : |bcol. ill. |
| 500 | |aIssued also in French under title: Directives sur les réaménagements énergétiques majeurs : bâtiments commerciaux et institutionnels : principes. |
| 504 | |aIncludes bibliographical references (p. 32-35). |
| 520 | |a"The suite of Major Energy Retrofit Guidelines modules will help you improve the energy performance of your facilities. Although the information is most applicable to small and medium-sized facilities, larger buildings can also benefit. The Major Energy Retrofit Guidelines Principles module provides an overview and approach to identifying and undertaking a major retrofit. Several building-specific companion modules provide strategies, priorities and opportunities unique to their respective building types"--Introd., p. 1. |
| 692 | 07|2gccst|aBuildings |
| 692 | 07|2gccst|aEnergy efficiency |
| 692 | 07|2gccst|aEnergy conservation |
| 710 | 1 |aCanada. |bNatural Resources Canada. |
| 710 | 1 |aCanada. |bOffice of Energy Efficiency. |
| 775 | 08|tDirectives sur les réaménagements énergétiques majeurs |w(CaOODSP)9.811809 |
| 856 | 40|qPDF|s1.09 MB|uhttps://publications.gc.ca/collections/collection_2017/rncan-nrcan/M144-268-2016-eng.pdf |